01018nam a2200193 a 450000100100000000500170001000800410002704000250006808200150009311001430010824501170025126000580036830000280042650000740045471001200052870000460064895201130069499900170080700004499020201002045804.0150128s1976 dr a 000 0 spa d aDO-SdBNPbspacBNPHU axxxxbxxxx1 aRepublica Dominicana.bSecretaría de Estado de Agricultura. Subsecretaría Técnica de Planificación. Sectorial Agropecuaria.93623810aDiagnóstico y estrategia del desarrollo agropecuario :b1976-1986 /cpresentación ; Manuel de Js. Viñas C. aSanto Domingo :b[SEA],bEducativa Dominicana,c1976. a233 p. :bil. ;c21 cm. aIncluye referencias bibliográficas y notas al pie de las páginas.22aSecretaría de Estado de Agricultura. Subsecretaría Técnica de Planificación. Sectorial Agropecuaria.9729991 aViñas C., Manuel de Js.,eprest.973000 0010718PDaPDbPDcCTd2015-01-28iLF1l0oxxxx xxxxp44990-10r2020-06-25w2020-06-25yLFPDZNo se presta c44479d44479